000 00365nam a2200145Ia 4500
005 20251222152612.0
008 251222s9999||||xx |||||||||||||| ||spa||
020 _a9788483717639
082 _a861/S23/T.27
100 _aSánchez Aguilar, Diego
245 0 _aDiario de las Bestias Blancas
250 _a1ra. ed.
264 _bUniversidad de Murcia
942 _cLIB
999 _c27032
_d27032